Normal view
MARC view
- Bhagat, Chetan
Entry Personal Name
001 - CONTROL NUMBER
- control field: 216185
003 - CONTROL NUMBER IDENTIFIER
- control field: OSt
005 - DATE AND TIME OF LATEST TRANSACTION
- control field: 20260106164602.0
008 - FIXED-LENGTH DATA ELEMENTS
- fixed length control field: 260106|| aca||aabn | a|a d
040 ## - CATALOGING SOURCE
- Original cataloging agency: OSt
- Transcribing agency: OSt
100 ## - HEADING--PERSONAL NAME
- Personal name: Bhagat, Chetan
670 ## - SOURCE DATA FOUND
- Source citation: Work cat.: (OSt)369703: Bhagat, Chetan, 11 Rules For Liffe: Secrets to Level Up, 2024